Benda bergerak (Record no. 65753)

MARC details
000 -LEADER
fixed length control field 00779nam a2200277 i 4500
001 - CONTROL NUMBER
control field C2-0252763
003 - CONTROL NUMBER IDENTIFIER
control field PPAK
005 - DATE AND TIME OF LATEST TRANSACTION
control field 20180727215912.0
008 - FIXED-LENGTH DATA ELEMENTS--GENERAL INFORMATION
fixed length control field 031203s1993 my a|||| ||||| | may d
020 ## - INTERNATIONAL STANDARD BOOK NUMBER
International Standard Book Number 9678101394
040 ## - CATALOGING SOURCE
Original cataloging agency PPAK
Language of cataloging eng
Transcribing agency PPAK
Description conventions rda
082 04 - DEWEY DECIMAL CLASSIFICATION NUMBER
Classification number 500
Edition number 23
090 00 - LOCALLY ASSIGNED LC-TYPE CALL NUMBER (OCLC); LOCAL CALL NUMBER (RLIN)
Classification number (OCLC) (R) ; Classification number, CALL (RLIN) (NR) 500
Feature heading KER
Feature heading K
100 1# - MAIN ENTRY--PERSONAL NAME
Personal name Kerrod, Robin,
Relator term author
245 10 - TITLE STATEMENT
Title Benda bergerak
264 #1 - PRODUCTION, PUBLICATION, DISTRIBUTION, MANUFACTURE, AND COPYRIGHT NOTICE
Place of production, publication, distribution, manufacture Kuala Lumpur :
Name of producer, publisher, distributor, manufacturer Vinpress ,
Date of production, publication, distribution, manufacture, or copyright notice 1993
300 ## - PHYSICAL DESCRIPTION
Extent 52 pages :
Other physical details colour illustrations ;
Dimensions 30 cm
336 ## - CONTENT TYPE
Source rdacontent
Content type term text
337 ## - MEDIA TYPE
Source rdamedia
Media type term unmediated
338 ## - CARRIER TYPE
Source rdacarrier
Carrier type term volume
490 1# - SERIES STATEMENT
Series statement Siri sains alam kehidupan
500 ## - GENERAL NOTE
General note Tajuk asal : Science Alive : Moving Things
650 10 - SUBJECT ADDED ENTRY--TOPICAL TERM
Topical term or geographic name entry element Science ; Physics
830 #0 - SERIES ADDED ENTRY--UNIFORM TITLE
Uniform title Siri sains alam kehidupan
942 ## - ADDED ENTRY ELEMENTS (KOHA)
-- dc
Koha item type Book
Holdings
Withdrawn Not for loan Current library Shelving location Date acquired Total Checkouts Full call number Barcode Date last seen Date last checked out Koha item type Total Renewals
    Perpustakaan Alor Setar Pinjaman Kanak-kanak 15/09/2004 1 K 500 KER A00855317 24/10/2019 17/10/2019 Book  
    Perpustakaan Awam Sungai Petani Pinjaman Kanak-kanak 11/12/2003 1 K 500 KER A00403658 18/04/2021 21/03/2021 Book 1
    Perpustakaan Awam Sungai Petani Pinjaman Kanak-kanak 11/12/2003 1 K 500 KER A00403657 08/09/2020 18/08/2020 Book  
    Perpustakaan Jitra Pinjaman Kanak-kanak 03/12/2003 1 K 500 KER A00828584 16/08/2022 23/07/2022 Book